[Event "Budapest Spring Festival 2019"]
[Site "Budapest"]
[Date "2019.04.14"]
[Round "6.25"]
[White "Skomorokhin, Roman"]
[Black "Nguyen, Piotr"]
[Result "0-1"]
[WhiteElo "2318"]
[BlackElo "2427"]
[Annotator "TA"]
[PlyCount "116"]
[EventDate "2019.04.09"]
[EventType "swiss"]
[EventCountry "HUN"]
[SourceTitle "playchess.com"]
[Source "ChessBase"]
[SourceQuality "1"]

{[%evp 9,116,14,21,28,23,23,21,20,29,0,-6,-66,-10,-124,-115,-165,-180,-170,-157,-222,-209,-188,-180,-451,-190,-185,-181,-172,-171,-595,-216,-198,-206,-280,-272,-257,-255,-250,-254,-242,-215,-224,-214,-249,-240,-264,-229,-353,-355,-335,-308,-316,0,-353,-353,-349,-346,-411,-411,-420,-404,-417,-406,-441,-373,-344,-184,-184,-189,-191,-184,-184,0,-184,-190,-185,-184,-184,-184,-431,-456,-410,-431,-427,-461,-455,-424,-425,-427,-458,-439,-484,-479,-454,-441,-820,-743,-1090,-1096,-1262,-665,-29982,-29983,-29983,-29984,-29983,-29983,-29993,-29994]} 1. d4 f5 2. Nf3 Nf6 3. e3 g6 4. b4 e6 5. a3 Bg7 $146 ({Predecessor:} 5... a5 6. b5 b6 7. c4 Bg7 8. Bb2 O-O 9. Be2 Bb7 10. O-O Qe7 11. Nc3 d6 {0-1 (30) Aleksandrov,A (2602)-Cheparinov,I (2715) Batumi 2018}) 6. Bb2 {A80: Dutch Defence: Unusual White second moves} O-O 7. c4 b6 8. Nc3 {The position is equal.} Bb7 9. d5 Qe7 10. Qb3 (10. Be2 $11) 10... f4 (10... a5 $1 $15) 11. e4 {[#]} (11. exf4 $11 exd5+ {[%mdl 64] Discovered Attack} 12. Be2) 11... Nxe4 $1 $17 {[%mdl 512]} 12. dxe6 (12. Nxe4 Bxb2) 12... Nxc3 13. Bxc3 Qxe6+ 14. Be2 (14. Kd2 $17) 14... Bxf3 $19 ({Less strong is} 14... Re8 15. O-O $17) 15. gxf3 Nc6 16. O-O $2 (16. Bxg7 {keeps fighting.} Kxg7 17. Qc3+ Kg8 18. O-O) 16... Rae8 (16... Qxe2 $142 17. Bxg7 Kxg7) 17. Rfe1 Nd4 $36 {[%mdl 2048] Black is in control.} 18. Bxd4 Bxd4 19. Rad1 $2 (19. Bf1 {is more resistant.} Qf5 20. Rad1 Qg5+ 21. Kh1) 19... c5 $2 (19... Rf5 20. Rxd4 Rg5+ 21. Kh1 Qh3 22. c5+ Kh8) 20. Bd3 Qh3 {( -> ...Bxf2+!)} ({Don't play} 20... Qxe1+ 21. Rxe1 Rxe1+ 22. Kg2) 21. Bf1 Rxe1 22. Rxe1 {[#]} Bxf2+ $1 {[%mdl 512]} 23. Kh1 (23. Kxf2 Qh4+) 23... Qh4 24. Re2 Be3 25. Qd3 Qh5 26. Qe4 Kg7 27. Re1 Kh6 28. Rd1 {[#]} (28. Qe7 $142 Rf5 29. Bg2) 28... Re8 $1 {[%mdl 512]} 29. Qd5 {Now Qxh5+ and White clings on.} (29. Qxe8 Qxf3+) 29... Re5 30. Qa8 {[#]} Re8 $1 {[%mdl 512]} 31. Qd5 {and the idea Qxh5+ leaves White hopeful.} (31. Qxe8 Qxf3+) 31... Bd4 32. Qxh5+ Kxh5 {[%mdl 4096] Endgame KRB-KRB} 33. Bd3 Re3 34. Kg2 d6 35. bxc5 Bxc5 36. a4 Kg5 37. Be4 Kf6 (37... Kh4 $142 38. Bd3 g5 39. Bxh7 Re2+ 40. Kf1 Rxh2) 38. h4 Rc3 39. Bd5 Ra3 40. Bc6 Rc3 41. Bd5 Rc2+ 42. Kh3 Ra2 43. Bc6 h5 44. Re1 $2 (44. Rh1) 44... Bf2 45. Rh1 Bg3 46. Bb5 Rf2 47. Bc6 Rc2 48. Bb5 Ra2 49. Bc6 a6 {[%cal Ba7a6,Ba6a5][%mdl 32]} 50. Be4 Rxa4 51. Rc1 Ra2 {[%csl Gg3][%cal Ra2h2]} 52. Bc2 (52. Rc2 $142 Ra1 53. Kg2) 52... a5 53. c5 bxc5 54. Rd1 Ke7 ({And not} 54... Rxc2 55. Rxd6+ Kg7 56. Rd7+ Kf6 57. Rd6+ Ke5 58. Rd5+ Ke6 59. Rd6+ Ke7 60. Rd7+ Ke8 61. Rd8+ Kf7 62. Rd7+ Ke6 63. Rd6+ Kf5 64. Rd5+ Ke6 65. Rd6+ $11) 55. Rd5 Rxc2 {[%csl Gg3][%cal Rc2h2] Black mates.} 56. Re5+ Kd7 {[%csl Gg3][%cal Rc2h2]} 57. Re7+ {[#]} Kc6 $1 {[%csl Gg3][%cal Rc2h2]} 58. Rc7+ Kd5 {Accuracy: White = 37%, Black = 64%.} 0-1

[Event "Budapest Spring Festival 2019"]
[Site "Budapest"]
[Date "2019.04.14"]
[Round "6.26"]
[White "Horvath, Dominik"]
[Black "Ruff, Maximilian"]
[Result "1-0"]
[WhiteElo "2412"]
[BlackElo "2313"]
[Annotator "ChessBase"]
[PlyCount "103"]
[EventDate "2019.04.09"]
[EventType "swiss"]
[EventCountry "HUN"]
[SourceTitle "playchess.com"]
[Source "ChessBase"]
[SourceQuality "1"]
[TimeControl "40/5400+30:1800+30"]

1. Nf3 {[%emt 0:00:05]} Nf6 {[%emt 0:00:26]} 2. c4 {[%emt 0:00:11]} e6 {[%emt 0:00:19]} 3. g3 {[%emt 0:00:17]} d5 {[%emt 0:00:14]} 4. Bg2 {[%emt 0:00:05]} dxc4 {[%emt 0:00:27]} 5. O-O {[%emt 0:00:28]} a6 {[%emt 0:04:42]} 6. Qc2 {[%emt 0:01:18]} b5 {[%emt 0:07:06]} 7. Ne1 {[%emt 0:02:11]} Nd5 {[%emt 0:01:40]} 8. d3 {[%emt 0:00:05]} cxd3 {[%emt 0:01:01]} 9. Nxd3 {[%emt 0:00:04]} Nd7 {[%emt 0:09:24]} 10. Nc3 {[%emt 0:07:07]} Bb7 {[%emt 0:10:34]} 11. Nxd5 {[%emt 0:06:43]} exd5 {[%emt 0:00:37]} 12. Rd1 {[%emt 0:03:02]} Be7 {[%emt 0:05:32]} 13. Nf4 {[%emt 0:07:30]} Nb6 {[%emt 0:02:17]} 14. Nxd5 {[%emt 0:09:40]} Nxd5 {[%emt 0:00:17]} 15. Bxd5 {[%emt 0:00:35]} Bxd5 {[%emt 0:00:07]} 16. e4 {[%emt 0:00:03]} O-O {[%emt 0:02:14]} 17. Rxd5 {[%emt 0:03:12]} Qc8 {[%emt 0:00:25]} 18. Qc6 {[%emt 0:02:04]} Qg4 {[%emt 0:13:19]} 19. Bf4 {[%emt 0:03:26]} Bb4 {[%emt 0:17:40]} 20. a3 {[%emt 0:22:58]} Ba5 {[%emt 0:02:50]} 21. a4 {[%emt 0:00:08]} Bb6 {[%emt 0:13:20]} 22. a5 {[%emt 0:00:31]} Ba7 {[%emt 0:00:15]} 23. Rd2 {[%emt 0:00:52]} Rae8 {[%emt 0:01:06]} 24. Qxa6 {[%emt 0:01:51]} Rxe4 {[%emt 0:02:47]} 25. Qxa7 {[%emt 0:01:51]} Rxf4 {[%emt 0:00:05]} 26. Qxc7 {[%emt 0:00:08]} Rc4 {[%emt 0:01:45]} 27. Qb7 {[%emt 0:01:19]} Qg5 {[%emt 0:01:34]} 28. Rad1 {[%emt 0:01:21]} h5 {[%emt 0:01:14]} 29. b3 {[%emt 0:08:05]} Rcc8 {[%emt 0:00:25]} 30. h4 {[%emt 0:00:26]} Qc5 {[%emt 0:00:36]} 31. Rd5 {[%emt 0:00:45]} Qc2 {[%emt 0:00:09]} 32. b4 {[%emt 0:04:33]} Qb3 {[%emt 0:00:42]} 33. R5d4 {[%emt 0:01:30]} Rb8 {[%emt 0:00:43]} 34. Qd5 {[%emt 0:02:45]} Qxd5 {[%emt 0:00:28]} 35. Rxd5 {[%emt 0:00:03]} g6 {[%emt 0:00:05]} 36. Rc1 {[%emt 0:00:12]} Rfe8 {[%emt 0:00:14]} 37. Rc6 {[%emt 0:06:19]} Re4 {[%emt 0:01:07]} 38. Rb6 {[%emt 0:01:07]} Rxb6 {[%emt 0:00:39]} 39. axb6 {[%emt 0:00:05]} Re7 {[%emt 0:00:07]} 40. Rxb5 {[%emt 0:00:00]} Rb7 {[%emt 0:00:00]} 41. Kg2 {[%emt 0:00:13]} Kf8 {[%emt 0:00:32]} 42. Kf3 {[%emt 0:00:08]} Ke7 {[%emt 0:00:15]} 43. Ke4 {[%emt 0:01:08]} Kd6 {[%emt 0:00:11]} 44. Kd4 {[%emt 0:00:03]} Kc6 {[%emt 0:00:45]} 45. Kc4 {[%emt 0:00:11]} Kd6 {[%emt 0:01:59]} 46. Kb3 {[%emt 0:00:59]} Kd7 {[%emt 0:00:29]} 47. Ka4 {[%emt 0:01:31]} Kc8 {[%emt 0:00:20]} 48. Ka5 {[%emt 0:00:36]} Re7 {[%emt 0:00:29]} 49. Rc5+ {[%emt 0:00:07]} Kb8 {[%emt 0:00:05]} 50. Rc7 {[%emt 0:00:24]} Re5+ {[%emt 0:00:13]} 51. Ka6 {[%emt 0:00:11]} f6 {[%emt 0:00:31]} 52. Rg7 {[%emt 0:00:11]} 1-0

[Event "Budapest Spring Festival 2019"]
[Site "Budapest"]
[Date "2019.04.14"]
[Round "6.27"]
[White "Nomin-Erdene, Davaademberel"]
[Black "Polyik, Peter"]
[Result "1-0"]
[WhiteElo "2399"]
[BlackElo "2303"]
[Annotator "NA"]
[PlyCount "53"]
[EventDate "2019.04.09"]
[EventType "swiss"]
[EventCountry "HUN"]
[SourceTitle "playchess.com"]
[Source "ChessBase"]
[SourceQuality "1"]
[TimeControl "40/5400+30:1800+30"]

1. e4 {[%emt 0:00:04]} c5 {[%emt 0:00:06]} 2. Nf3 {[%emt 0:00:05]} e6 {[%emt 0:00:05]} 3. d4 {[%emt 0:00:06]} cxd4 {[%emt 0:00:07]} 4. Nxd4 {[%emt 0:00:04]} Nc6 {[%emt 0:00:20]} 5. Nc3 {[%emt 0:00:07]} Qc7 {[%emt 0:00:12]} 6. Be3 {[%emt 0:00:07]} a6 {[%emt 0:00:32]} 7. Qf3 {[%emt 0:00:09]} d6 {[%emt 0:01:20]} 8. Qg3 {[%emt 0:05:16]} Bd7 {[%emt 0:01:14]} 9. O-O-O {[%emt 0:15:00]} Nf6 {[%emt 0:01:43]} 10. f4 {[%emt 0:05:52]} b5 {[%emt 0:00:26]} 11. Bd3 {[%emt 0:00:21]} Be7 {[%emt 0:03:03]} 12. Rhe1 {[%emt 0:15:34]} b4 {[%emt 0:22:11]} 13. Nce2 {[%emt 0:00:30]} O-O {[%emt 0:09:05]} 14. Kb1 {[%emt 0:02:07]} Rfc8 {[%emt 0:07:54]} 15. Nxc6 {[%emt 0:08:17]} Bxc6 {[%emt 0:02:31]} 16. Bd4 {[%emt 0:00:09]} a5 {[%emt 0:11:52]} 17. e5 {[%emt 0:09:26]} dxe5 {[%emt 0:00:31]} 18. Bxe5 {[%emt 0:01:17]} Qb7 {[%emt 0:00:24]} 19. Nd4 {[%emt 0:00:42]} Bd5 {[%emt 0:01:43]} 20. f5 {[%emt 0:06:06]} a4 {[%emt 0:03:47]} 21. fxe6 {[%emt 0:00:17]} fxe6 {[%emt 0:11:23]} 22. Rf1 {[%emt 0:04:20]} Kh8 {[%emt 0:03:21]} 23. Rf2 {[%emt 0:04:48]} Bxa2+ {[%emt 0:02:05]} 24. Kxa2 {[%emt 0:01:02]} b3+ {[%emt 0:00:52]} 25. Kb1 {[%emt 0:01:15]} a3 {[%emt 0:06:03]} 26. Nxe6 {[%emt 0:02:18]} Bf8 {[%emt 0:01:44]} 27. Rxf6 {[%emt 0:01:42]} 1-0

[Event "Budapest Spring Festival 2019"]
[Site "Budapest"]
[Date "2019.04.14"]
[Round "6.28"]
[White "Nguyen, Van Thanh"]
[Black "Song, Julien"]
[Result "1/2-1/2"]
[WhiteElo "2391"]
[BlackElo "2310"]
[Annotator "NA"]
[PlyCount "23"]
[EventDate "2019.04.09"]
[EventType "swiss"]
[EventCountry "HUN"]
[SourceTitle "playchess.com"]
[Source "ChessBase"]
[SourceQuality "1"]
[TimeControl "40/5400+30:1800+30"]

1. d4 {[%emt 0:00:04]} Nf6 {[%emt 0:01:13]} 2. Nf3 {[%emt 0:00:13]} e6 {[%emt 0:00:52]} 3. c4 {[%emt 0:00:17]} Bb4+ {[%emt 0:00:11]} 4. Nbd2 {[%emt 0:00:14]} O-O {[%emt 0:00:13]} 5. a3 {[%emt 0:00:09]} Be7 {[%emt 0:00:13]} 6. g3 {[%emt 0:01:49]} d5 {[%emt 0:07:47]} 7. Bg2 {[%emt 0:00:21]} b6 {[%emt 0:00:17]} 8. O-O {[%emt 0:00:43]} Bb7 {[%emt 0:00:35]} 9. Ne5 {[%emt 0:00:45]} Nbd7 {[%emt 0:05:53]} 10. Nxd7 {[%emt 0:00:47]} Qxd7 {[%emt 0:00:58]} 11. Qc2 {[%emt 0:01:03]} c5 {[%emt 0:14:29]} 12. dxc5 {[%emt 0:00:09]} 1/2-1/2

[Event "Budapest Spring Festival 2019"]
[Site "Budapest"]
[Date "2019.04.14"]
[Round "6.29"]
[White "Mosesov, Danylo"]
[Black "Ashwath, R.."]
[Result "1/2-1/2"]
[WhiteElo "2315"]
[BlackElo "2388"]
[Annotator "TA"]
[PlyCount "109"]
[EventDate "2019.04.09"]
[EventType "swiss"]
[EventCountry "HUN"]
[SourceTitle "playchess.com"]
[Source "ChessBase"]
[SourceQuality "1"]

{[%evp 11,109,0,-9,0,-29,-16,54,60,55,38,61,23,14,0,16,10,0,-14,-14,-12,0,-15,-1,-8,-7,-36,-36,-77,-82,-123,-124,-112,-125,-120,-110,-129,-112,-106,-103,-159,-53,-52,-46,-50,-50,-50,-50,-49,-50,-51,-49,-36,-39,-90,-48,-64,-19,-26,0,0,162,155,155,155,155,155,161,115,147,111,81,29,37,31,65,6,6,6,6,13,29,37,61,67,39,0,0,0,0,0,0,0,0,0,0,0,0,0,0,0]} 1. Nf3 d5 2. c4 e6 3. g3 Nf6 4. Bg2 dxc4 5. O-O a6 6. a4 Nc6 7. Na3 {A13: English Opening: 1...e6} Na5 8. Qc2 Be7 (8... Qd5 $11) (8... Qd5 9. Rd1 Bd7 10. d4 Qf5 11. Bd2 Qxc2 12. Nxc2 Nb3 13. Ra2 Bc6 14. Ne5 Bd5 {½-½ (68) So,W (2792)-Ding,L (2771) Tbilisi 2017}) 9. Nxc4 $14 {White is slightly better.} Nxc4 10. Qxc4 O-O 11. d4 $146 ({Predecessor:} 11. d3 b5 12. Qc2 Bb7 13. axb5 axb5 14. Rxa8 Bxa8 {0-1 (44) Koch,J (2054)-Mussanti,D (2314) Mar del Plata 2008}) 11... b5 12. Qc6 Rb8 13. Bf4 Nd5 14. Bd2 Bd7 $36 {[%mdl 2048] Black has some pressure.} 15. Qc2 bxa4 16. Rfc1 c5 17. Ne5 {And now Ba5! would win.} cxd4 {White should prevent ...Bb5.} 18. Ba5 Qe8 19. Qd2 Rb5 20. Nc4 {[#]} Qb8 $1 21. Rxa4 Bf6 22. Raa1 Rc8 23. Be4 h6 24. h4 Rb3 25. Bf3 (25. Ra3 $142) 25... Bb5 {[#]} (25... Bc6 $17 26. Ra3 Bd7) 26. Nd6 $1 $15 {[%mdl 512]} Rxc1+ (26... Qxd6 27. Rxc8+) 27. Rxc1 Bd7 28. Ne4 $1 Rxb2 29. Nxf6+ Nxf6 30. Qxd4 Rb1 31. Rxb1 Qxb1+ 32. Kh2 (32. Kg2 $15) 32... Qb5 33. Bc3 Bc6 34. Qd8+ Kh7 {aiming for ...Bxf3.} 35. Bxf6 Bxf3 $2 (35... gxf6 $11 {and Black stays safe.} 36. Qxf6 Kg8) 36. Qf8 $18 {[%csl Gf6][%cal Rf8g7][%mdl 64] Double Attack} ({Weaker is} 36. exf3 gxf6 37. Qxf6 Qf5 $11) 36... gxf6 37. Qxf7+ {[%mdl 64] Double Attack} Kh8 {Black wants to play ...Bh5.} 38. Qxf6+ {[%mdl 64] Double Attack} ({Don't do} 38. exf3 $6 Qf5 $14) 38... Kh7 {With the idea ...Bh5.} 39. Qxf3 {[%mdl 4096] Endgame Threatens to win with Qf7+. KQ-KQ} Kg7 40. e4 a5 {[#]} 41. Qg4+ (41. h5 $1 $16) 41... Kf7 $11 42. Qf4+ Kg7 $1 43. e5 ({White should try} 43. Qc7+ $14 Kf8 44. Qf4+ Kg7 45. Qc7+ Kf8 46. e5) 43... Qe8 $1 44. Qf6+ Kh7 45. g4 a4 46. Qf3 Kg8 47. Qd3 $1 Qe7 48. Qg6+ Kf8 {The position is equal.} 49. Qxh6+ Ke8 50. Kg3 a3 51. Qh8+ Qf8 52. Qh7 {Black must now prevent h5.} Qf7 $1 {[%cal Rf7h7]} 53. Qc2 Qa7 54. Qg6+ Qf7 55. Qc2 {Accuracy: White = 45%, Black = 56%.} 1/2-1/2

[Event "Budapest Spring Festival 2019"]
[Site "Budapest"]
[Date "2019.04.14"]
[Round "6.30"]
[White "Bayramov, Zaur"]
[Black "Ravi, Teja S."]
[Result "1/2-1/2"]
[WhiteElo "2301"]
[BlackElo "2383"]
[Annotator "NA"]
[PlyCount "22"]
[EventDate "2019.04.09"]
[EventType "swiss"]
[EventCountry "HUN"]
[SourceTitle "playchess.com"]
[Source "ChessBase"]
[SourceQuality "1"]
[TimeControl "40/5400+30:1800+30"]

1. c4 {[%emt 0:00:02]} c6 {[%emt 0:03:11]} 2. Nf3 {[%emt 0:00:14]} d5 {[%emt 0:00:05]} 3. b3 {[%emt 0:00:09]} Bf5 {[%emt 0:02:12]} 4. e3 {[%emt 0:01:43]} e6 {[%emt 0:00:06]} 5. Bb2 {[%emt 0:00:41]} Nd7 {[%emt 0:00:26]} 6. Nc3 {[%emt 0:01:13]} Ngf6 {[%emt 0:01:52]} 7. d4 {[%emt 0:02:08]} Bd6 {[%emt 0:05:55]} 8. Bd3 {[%emt 0:02:21]} Bg6 {[%emt 0:02:45]} 9. O-O {[%emt 0:01:20]} Qe7 {[%emt 0:08:22]} 10. Bxg6 {[%emt 0:13:15]} hxg6 {[%emt 0:01:21]} 11. h3 {[%emt 0:00:53]} Ne4 {[%emt 0:06:27]} 1/2-1/2

[Event "Budapest Spring Festival 2019"]
[Site "Budapest"]
[Date "2019.04.14"]
[Round "6.31"]
[White "Zentai, Peter"]
[Black "Lye, Lik Zang"]
[Result "1/2-1/2"]
[WhiteElo "2263"]
[BlackElo "2377"]
[Annotator "TA"]
[PlyCount "125"]
[EventDate "2019.04.09"]
[EventType "swiss"]
[EventCountry "HUN"]
[SourceTitle "playchess.com"]
[Source "ChessBase"]
[SourceQuality "1"]

{[%evp 22,125,15,10,16,24,27,20,16,6,27,-2,25,28,34,38,47,22,35,19,19,19,17,15,16,16,18,18,19,15,65,58,75,75,75,75,75,75,75,75,75,75,75,75,75,75,75,75,75,65,65,65,65,65,65,65,65,65,65,65,65,65,65,65,65,65,65,42,42,8,8,0,0,0,0,0,0,0,0,0,0,0,0,0,0,0,0,0,0,0,0,0,0,0,0,0,0,0,0,0,0,0,0,0,0,0]} 1. d4 d5 2. c4 c6 3. cxd5 cxd5 4. Nc3 Nf6 5. Bf4 Nc6 6. e3 a6 7. Bd3 Bg4 8. Nge2 Bxe2 9. Qxe2 e6 10. Rc1 Bd6 11. Bxd6 Qxd6 12. O-O O-O {D10: Slav Defence: 3 cxd5 (without early Nf3) and 3 Nc3} 13. Na4 Nd7 {[#]} 14. Rc3 $146 ({Predecessor:} 14. Nc5 Nxc5 15. Rxc5 g6 16. Rfc1 Rfc8 17. h4 Ne7 18. b4 Rc6 19. h5 Kg7 20. g3 {1-0 (41) Shengelia,D (2562)-Brunello,S (2582) Ruzomberok 2014}) 14... e5 15. dxe5 Ncxe5 {[#] Strongly threatening ...b5.} 16. Rfc1 Qb4 17. Qc2 g6 18. Be2 Rfd8 19. Rd1 b5 20. Nc5 Nxc5 21. a3 Qe4 {[#] Threatens to win with ...Nc4.} 22. Rxc5 {Black must now prevent Qxe4.} Qxc2 23. Rxc2 Rac8 24. Rcd2 $36 {[%mdl 2048] White has the initiative.} Nc4 25. Bxc4 Rxc4 $11 {[%mdl 4096] Endgame KRR-KRR} 26. g3 h5 27. Rxd5 Rxd5 28. Rxd5 $16 {KR-KR} Rc2 29. Rd6 Rxb2 30. Rxa6 b4 31. axb4 Rxb4 32. h4 Kg7 33. Kg2 Rb2 34. Kf3 Rc2 35. e4 Kf8 36. Ke3 Rb2 37. f3 Rb3+ 38. Kf4 Kg7 39. Ra5 Rc3 40. Rb5 Ra3 41. Rb7 Kf6 42. Rb6+ Kg7 43. Rb5 Rc3 44. g4 hxg4 45. fxg4 Rh3 {The position is equal.} 46. h5 gxh5 47. gxh5 Rh4+ 48. Ke3 Kf6 49. Kd4 Ke7 50. Re5+ Kd6 51. Rd5+ Ke6 52. Ra5 f6 53. Ke3 Kf7 54. Kf3 Kg7 55. Ra7+ Kf8 56. Ra5 (56. e5 $5) 56... Kg7 57. Rf5 Kf7 58. Ke3 Ke6 59. Kd4 Rh1 60. Ra5 Rh4 61. Ra6+ Kf7 62. Ra7+ Ke6 63. Ra6+ {Accuracy: White = 67%, Black = 83%.} 1/2-1/2

[Event "Budapest Spring Festival 2019"]
[Site "Budapest"]
[Date "2019.04.14"]
[Round "6.32"]
[White "Pasztor, Balazs"]
[Black "Pranav, Anand"]
[Result "0-1"]
[WhiteElo "2139"]
[BlackElo "2359"]
[Annotator "TA"]
[PlyCount "120"]
[EventDate "2019.04.09"]
[EventType "swiss"]
[EventCountry "HUN"]
[SourceTitle "playchess.com"]
[Source "ChessBase"]
[SourceQuality "1"]

{[%evp 18,120,6,2,13,4,4,10,9,13,7,10,10,8,27,0,41,-8,27,0,27,-30,-35,-29,0,0,0,0,0,-72,-81,-67,-68,-66,-69,-66,-39,-95,-92,-184,-77,-64,-49,-54,-46,-304,-298,-289,-296,-281,-281,-314,-275,-361,-347,-351,-345,-372,-323,-358,-323,-400,-388,-475,-341,-488,0,-487,-237,-222,0,-479,-474,-465,-392,-443,-420,-405,-322,-322,-82,-322,0,-322,-315,-304,-296,-323,-323,-462,-462,-525,-498,-859,-838,-819,-819,-5198,-5102,-29974,-29974,-29970,-29969,-12846,-6087]} 1. e4 e5 2. Nf3 Nc6 3. Bc4 Bc5 4. c3 Nf6 5. d3 d6 6. Bb3 h6 7. Nbd2 {[%cal Bb1d2,Bd2f1,Bf1e3,Be3f5][%mdl 32] C54: Giuoco Piano: 4 c3 Nf6, main lines with 5 d4 and 5 d3} O-O 8. h3 a5 9. O-O Be6 10. Re1 {LiveBook: 14 Games} Qb8 (10... Bxb3 11. axb3 Re8 12. Nf1 d5 13. Qe2 Qd7 14. Nh4 Rad8 15. Qf3 dxe4 16. dxe4 {½-½ (58) Kramnik,V (2792)-So,W (2778) Paris 2018}) 11. Nf1 Qa7 12. Be3 Bxe3 13. Nxe3 a4 14. Bc2 Ne7 $146 15. d4 Ng6 16. Qd2 Rad8 17. Nf5 Kh7 18. Qe3 (18. b3 {with more complications.} Rfe8 19. Ne3 Bd7 20. Rab1 axb3 21. axb3 Qb8 22. Ra1) 18... c5 19. d5 (19. b4 $142) 19... Bxf5 $11 20. exf5 Ne7 21. c4 b5 22. b3 Ra8 23. Nd2 (23. Rac1 $11) 23... axb3 $17 24. axb3 Qxa1 25. Rxa1 Rxa1+ 26. Kh2 Rc1 27. Bd3 (27. Be4 $15) 27... Rc3 28. f4 (28. Qe2 $17) 28... bxc4 (28... exf4 $1 $19 {is more deadly.} 29. Qf3 (29. Qxe7 $2 Re8 $17) 29... Rg8) 29. bxc4 {[#]} Nexd5 $1 {[%mdl 512]} 30. cxd5 c4 $1 $36 {[%mdl 2048] Black fights for an advantage.} 31. fxe5 $2 {[%mdl 8192]} ({Only move:} 31. Nxc4 $15 e4 32. Nxd6 Rxd3 33. Qe2) 31... Rxd3 $19 32. Qe2 dxe5 $1 {[%cal Bd6e5,Be5e4][%mdl 32]} ({Stronger than} 32... Nxd5 33. Nxc4 Nf4 34. Qe4 $16) 33. Nxc4 Rxd5 34. Ne3 Rc5 35. Qd3 e4 36. Qd6 Rcc8 37. Qe5 Rfe8 38. Qd6 Rcd8 39. Qc5 Rd3 40. Qa7 Kg8 41. Qc5 (41. Qb6 $142) 41... Kh7 42. Qa7 $1 Rc8 (42... h5 $142 43. Qc5 Kg8) 43. Qb7 Re8 $2 ({Weaker is} 43... Rxe3 44. Qxc8 Rd3 45. Qc7 $14) (43... Rcd8 44. Ng4 Nxg4+ 45. hxg4 R8d7 46. Qxe4 R7d4) 44. Qa7 $1 h5 45. Qc5 Kg8 46. Kg1 Rb8 47. Kh2 Rbb3 48. Nc4 Rbc3 $2 (48... Rd8 $19 {and Black stays clearly on top. Threatens to win with ...Rbd3.} 49. Qc7 Rf8) 49. Qb5 $2 (49. Qb4 $17) 49... Rb3 50. Qc5 $1 {intending Ne5.} Rd8 51. Qc7 Rd7 52. Qc8+ Kh7 53. Ne5 {[#]} (53. Qf8 $142 Rbb7 54. Qa3) 53... Re7 $1 {[%cal Re7e5]} 54. Qc5 {[#]} Rbb7 $1 55. Qd4 {[#]} (55. Nc6 $142 Rec7 56. Qd6) 55... e3 $1 56. Nf3 (56. Qxe3 Rb5) 56... e2 57. Qc3 Rb1 58. Ne1 Rxe1 59. Qxe1 Nd5 60. f6 gxf6 {Precision: White = 28%, Black = 55%.} 0-1